[Event "FIDE WRBTC Blitz-Pool 2024"]
[Site "Astana"]
[Date "2024.08.05"]
[Round "5.5"]
[White "Tregubenko, Nikolay"]
[Black "Kosteniuk, Alexandra"]
[Result "0-1"]
[WhiteElo "2023"]
[BlackElo "2488"]
[Annotator "ChessBase"]
[PlyCount "84"]
[EventDate "2024.08.01"]
[EventType "team-tourn"]
[EventCountry "KAZ"]
[SourceTitle "playchess.com"]
[Source "ChessBase"]
[SourceQuality "1"]

1. e4 c6 2. d4 d5 3. Nc3 dxe4 4. Nxe4 Nf6 5. Nxf6+ exf6 6. c3 Bd6 7. Bd3 Na6 8. Ne2 Nc7 9. Qc2 Nd5 10. Bd2 Be6 11. O-O-O b5 12. Rhe1 Kf8 13. Ng3 Qa5 14. a3 Nf4 15. Be4 Rc8 16. c4 Qa6 17. c5 Bb8 18. Nf5 Nd5 19. g4 h5 20. g5 g6 21. Ne3 fxg5 22. Nxd5 cxd5 23. Bd3 Bg4 24. Be2 Bxe2 25. Rxe2 Qf6 26. Qd3 Kg7 27. Rde1 Bxh2 28. Re7 Bf4 29. Bxf4 Qxf4+ 30. Kb1 Rc7 31. R7e5 h4 32. Rxd5 h3 33. Rh1 h2 34. Re5 Rd7 35. Re4 Qxf2 36. d5 Qf5 37. Qd4+ f6 38. d6 Re8 39. c6 Rxe4 40. Qd3 Re1+ 41. Ka2 Qxd3 42. cxd7 Qd5+ 0-1

[Event "FIDE WRBTC Blitz-Pool 2024"]
[Site "Astana"]
[Date "2024.08.05"]
[Round "5.6"]
[White "Rosenstein, Wadim"]
[Black "Berikkyzy Alanna"]
[Result "1-0"]
[WhiteElo "1887"]
[BlackElo "1869"]
[Annotator "NA"]
[PlyCount "117"]
[EventDate "2024.08.01"]
[EventType "team-tourn"]
[EventCountry "KAZ"]
[SourceTitle "playchess.com"]
[Source "ChessBase"]
[SourceQuality "1"]

1. e4 c5 2. Nf3 Nc6 3. d4 cxd4 4. Nxd4 Nf6 5. Nc3 d6 6. Ndb5 a6 7. Na3 b5 8. Nab1 e6 9. Be2 Be7 10. O-O O-O 11. Bg5 h6 12. Bh4 b4 13. Na4 Nxe4 14. Bxe7 Nxe7 15. Qd4 d5 16. Qxb4 Bd7 17. Nbc3 Nc6 18. Qa3 Nxc3 19. Nxc3 d4 20. Ne4 e5 21. Nc5 Bf5 22. Rac1 a5 23. Qf3 Qc8 24. Rfe1 e4 25. Nxe4 Ne5 26. Qg3 Bxe4 27. Qxe5 Qc6 28. f3 Bg6 29. Qxd4 Rfd8 30. Qe3 Re8 31. Qf2 Rac8 32. c3 a4 33. b4 axb3 34. axb3 Rcd8 35. Bc4 Rxe1+ 36. Rxe1 Qf6 37. Qb2 Qb6+ 38. Kh1 Qf6 39. b4 Qf4 40. Bf1 Rd2 41. Qc1 Qd6 42. b5 h5 43. c4 h4 44. c5 Qd5 45. h3 Bf5 46. Be2 g5 47. Rd1 Rxd1+ 48. Bxd1 Bg6 49. c6 Bf5 50. c7 Qb7 51. Qc5 Be6 52. Qxg5+ Kh7 53. Bc2+ Kh8 54. Qh6+ Kg8 55. Bh7+ Kh8 56. Bf5+ Kg8 57. Bxe6 fxe6 58. Qxe6+ Kg7 59. c8=Q 1-0

[Event "FIDE WRBTC Blitz-Pool 2024"]
[Site "Astana"]
[Date "2024.08.05"]
[Round "5.6"]
[White "Amangaliyev, Dauletkhan"]
[Black "Ainakul, Mukhtar"]
[Result "0-1"]
[WhiteElo "1531"]
[BlackElo "1935"]
[Annotator "ChessBase"]
[PlyCount "58"]
[EventDate "2024.08.01"]
[EventType "team-tourn"]
[EventCountry "KAZ"]
[SourceTitle "playchess.com"]
[Source "ChessBase"]
[SourceQuality "1"]

1. e4 c5 2. Nf3 Nc6 3. d4 cxd4 4. Nxd4 Nf6 5. Nc3 d6 6. Bb5 Bd7 7. O-O a6 8. Ba4 e6 9. Kh1 b5 10. Bb3 b4 11. Nxc6 Bxc6 12. Ne2 Nxe4 13. Ng3 Nxg3+ 14. fxg3 Be7 15. Rf4 O-O 16. Rxb4 Qa5 17. c3 Rab8 18. Rf4 Qc5 19. Rf1 a5 20. Qd3 Qh5 21. Bd1 Qg6 22. Qxg6 hxg6 23. b3 Bf6 24. Bd2 Bb5 25. Re1 Rfc8 26. c4 Bxa1 27. cxb5 Rxb5 28. Be2 Rd5 29. Bxa5 Rxa5 0-1

[Event "FIDE WRBTC Blitz-Pool 2024"]
[Site "Astana"]
[Date "2024.08.05"]
[Round "5.6"]
[White "Sabitov, Zhaxylyk"]
[Black "Al Maamari, Wafia Darwish"]
[Result "0-1"]
[WhiteElo "1400"]
[BlackElo "1925"]
[Annotator "ChessBase"]
[PlyCount "74"]
[EventDate "2024.08.01"]
[EventType "team-tourn"]
[EventCountry "KAZ"]
[SourceTitle "playchess.com"]
[Source "ChessBase"]
[SourceQuality "1"]

1. e4 c5 2. f4 g6 3. Nf3 Bg7 4. Nc3 Nc6 5. d3 e6 6. g3 Nge7 7. Bg2 Rb8 8. Be3 d6 9. Bf2 b5 10. Qd2 b4 11. Nd1 a5 12. O-O O-O 13. h3 Ba6 14. Re1 Qc7 15. Rc1 a4 16. c4 bxc3 17. bxc3 a3 18. d4 cxd4 19. cxd4 Qa5 20. Qxa5 Nxa5 21. e5 d5 22. Nd2 Rfc8 23. Nc3 Rb2 24. Red1 Rcb8 25. g4 Bh6 26. Be3 Nec6 27. g5 Bf8 28. h4 Nb4 29. Ra1 Nc2 30. Kf2 Nxa1 31. Rxa1 Nc4 32. Ncb1 Bb4 33. Bf1 Nxd2 34. Nxd2 Bxf1 35. Kxf1 Bxd2 36. Bxd2 Rxd2 37. Rc1 Rxa2 0-1

[Event "FIDE WRBTC Blitz-Pool 2024"]
[Site "Astana"]
[Date "2024.08.05"]
[Round "5.7"]
[White "Kazakov, Konstantin"]
[Black "Tin, Jingyao"]
[Result "1-0"]
[WhiteElo "2333"]
[BlackElo "2575"]
[Annotator "ChessBase"]
[PlyCount "141"]
[EventDate "2024.08.01"]
[EventType "team-tourn"]
[EventCountry "KAZ"]
[SourceTitle "playchess.com"]
[Source "ChessBase"]
[SourceQuality "1"]

1. d4 d5 2. Nf3 Nf6 3. Bf4 e6 4. e3 Bd6 5. Ne5 O-O 6. Nd2 c5 7. c3 Qc7 8. Ndf3 Ne4 9. Be2 c4 10. Qc2 f6 11. Nxc4 Bxf4 12. exf4 Qxf4 13. Ne3 Nc6 14. O-O Bd7 15. g3 Qh6 16. Bd3 Nd6 17. Rae1 Rae8 18. Qb3 Kh8 19. Qa3 Ne4 20. Ng2 Qh5 21. Bxe4 dxe4 22. Nd2 f5 23. Nc4 e5 24. Qd6 Qf7 25. d5 Bc8 26. Nge3 f4 27. dxc6 bxc6 28. Nxe5 Qh5 29. N3c4 Bh3 30. Qd1 Rxe5 31. Nxe5 Qxe5 32. Qd4 Qxd4 33. cxd4 fxg3 34. hxg3 Re8 35. f3 Bxf1 36. Kxf1 e3 37. Ke2 h5 38. Rh1 g6 39. g4 Kg7 40. gxh5 g5 41. h6+ Kh7 42. b3 a5 43. Rc1 Kxh6 44. Rxc6+ Kh5 45. Rc3 Kh4 46. Rxe3 Rd8 47. Re4+ Kh5 48. Rg4 Kg6 49. Re4 Kf6 50. Ke3 Rc8 51. Kd3 Rc1 52. Re5 Rf1 53. Ke2 Rb1 54. Rxa5 Kg6 55. Ke3 Kf6 56. Rb5 Re1+ 57. Kd2 Rf1 58. Ke2 Rb1 59. a4 Kg6 60. a5 Ra1 61. b4 Kf6 62. Ke3 Re1+ 63. Kd3 Rf1 64. Ke2 Ra1 65. Rb6+ Kf5 66. a6 Kf4 67. Rf6+ Kg3 68. b5 Ra5 69. Rf5 Kh4 70. Kd3 Ra3+ 71. Kc4 1-0

[Event "FIDE WRBTC Blitz-Pool 2024"]
[Site "Astana"]
[Date "2024.08.05"]
[Round "5.7"]
[White "Balguzhinov, Bakhyt"]
[Black "Isanzhulov, Arystan"]
[Result "0-1"]
[WhiteElo "2155"]
[BlackElo "2401"]
[Annotator "ChessBase"]
[PlyCount "60"]
[EventDate "2024.08.01"]
[EventType "team-tourn"]
[EventCountry "KAZ"]
[SourceTitle "playchess.com"]
[Source "ChessBase"]
[SourceQuality "1"]

1. d4 Nf6 2. Nf3 d6 3. e3 g6 4. Bd3 Bg7 5. O-O O-O 6. Re1 Nbd7 7. e4 e5 8. c3 b6 9. b4 Bb7 10. Bb2 Nh5 11. Nbd2 Qf6 12. c4 Rad8 13. a4 c5 14. bxc5 bxc5 15. d5 Nb8 16. a5 Na6 17. Rb1 Rb8 18. Bc3 Ba8 19. Qa4 Qe7 20. Rxb8 Rxb8 21. Rb1 Rc8 22. Qb5 Nc7 23. Qb8 Rxb8 24. Rxb8+ Bf8 25. Bc2 Qd7 26. g3 Kg7 27. a6 Nf6 28. Ne1 Be7 29. Nd3 Nxa6 30. Rxa8 Qb7 0-1

[Event "FIDE WRBTC Blitz-Pool 2024"]
[Site "Astana"]
[Date "2024.08.05"]
[Round "5.7"]
[White "Beristenov, Kair"]
[Black "Malyi, Viacheslav"]
[Result "1-0"]
[WhiteElo "1995"]
[BlackElo "2391"]
[Annotator "ChessBase"]
[PlyCount "69"]
[EventDate "2024.08.01"]
[EventType "team-tourn"]
[EventCountry "KAZ"]
[SourceTitle "playchess.com"]
[Source "ChessBase"]
[SourceQuality "1"]

1. e4 e5 2. d4 exd4 3. Qxd4 Nc6 4. Qe3 Nf6 5. Nc3 Bb4 6. Bd2 O-O 7. O-O-O Re8 8. Bc4 d6 9. Nf3 Be6 10. Bxe6 fxe6 11. a3 Bc5 12. Qe2 e5 13. Bg5 Ne7 14. Nh4 Qd7 15. f4 Ng4 16. f5 Nf2 17. Rhf1 Nxd1 18. Nxd1 Rf8 19. Qc4+ Kh8 20. f6 Ng6 21. fxg7+ Kxg7 22. Nf5+ Kh8 23. Bh6 Rf7 24. g3 c6 25. h4 b5 26. Qb3 d5 27. h5 Ne7 28. g4 Nxf5 29. exf5 Rg8 30. Qf3 e4 31. Qc3+ d4 32. Qxc5 Rxg4 33. Qe5+ Rgg7 34. Bxg7+ Rxg7 35. h6 1-0

[Event "FIDE WRBTC Blitz-Pool 2024"]
[Site "Astana"]
[Date "2024.08.05"]
[Round "5.8"]
[White "Jumabayev, Rinat"]
[Black "Isaev, Anton"]
[Result "1-0"]
[WhiteElo "2577"]
[BlackElo "2156"]
[Annotator "ChessBase"]
[PlyCount "57"]
[EventDate "2024.08.01"]
[EventType "team-tourn"]
[EventCountry "KAZ"]
[SourceTitle "playchess.com"]
[Source "ChessBase"]
[SourceQuality "1"]

1. Nf3 Nf6 2. g3 d5 3. Bg2 g6 4. c4 c6 5. Qa4 Nbd7 6. cxd5 cxd5 7. O-O Bg7 8. d4 O-O 9. Nc3 Nb6 10. Qb3 Ne4 11. Bf4 Bf5 12. Rfc1 Rc8 13. Nb5 a6 14. Bc7 Qd7 15. Bxb6 Qxb5 16. Qxb5 axb5 17. Ne5 Bxe5 18. dxe5 Rc6 19. Rxc6 bxc6 20. Be3 Ra8 21. f3 Ra4 22. fxe4 Bxe4 23. b3 Ra6 24. Bxe4 dxe4 25. a4 f5 26. exf6 exf6 27. a5 Kf7 28. b4 Ke6 29. Rd1 1-0

[Event "FIDE WRBTC Blitz-Pool 2024"]
[Site "Astana"]
[Date "2024.08.05"]
[Round "5.8"]
[White "Sapenov, Daniyal"]
[Black "Prokoptsov, Mikhail"]
[Result "1-0"]
[WhiteElo "2311"]
[BlackElo "1702"]
[Annotator "ChessBase"]
[PlyCount "70"]
[EventDate "2024.08.01"]
[EventType "team-tourn"]
[EventCountry "KAZ"]
[SourceTitle "playchess.com"]
[Source "ChessBase"]
[SourceQuality "1"]

1. e4 e6 2. d4 d5 3. e5 c5 4. c3 Qb6 5. Nf3 Nc6 6. Bd3 cxd4 7. O-O Nge7 8. cxd4 Bd7 9. Re1 g6 10. Nc3 Bg7 11. Bb1 O-O 12. h4 Rad8 13. h5 Bc8 14. h6 Bh8 15. a3 Nf5 16. Bxf5 exf5 17. Bg5 Rd7 18. Qd2 Nd8 19. Na4 Qb5 20. Nc5 Rc7 21. a4 Qe8 22. Rac1 b6 23. Bxd8 Qxd8 24. Nd3 Be6 25. Nf4 Qd7 26. Rxc7 Qxc7 27. Rc1 Qd7 28. Qb4 Rc8 29. Rxc8+ Qxc8 30. g3 f6 31. Qe7 Bf7 32. e6 Be8 33. Nxd5 Qc1+ 34. Kg2 Qc8 35. Qd6 Qb7 1-0

[Event "FIDE WRBTC Blitz-Pool 2024"]
[Site "Astana"]
[Date "2024.08.05"]
[Round "5.8"]
[White "Kozhabekov, Adilkhan"]
[Black "Zeynyshev, Elnur"]
[Result "0-1"]
[WhiteElo "1855"]
[BlackElo "1812"]
[Annotator "NA"]
[PlyCount "94"]
[EventDate "2024.08.01"]
[EventType "team-tourn"]
[EventCountry "KAZ"]
[SourceTitle "playchess.com"]
[Source "ChessBase"]
[SourceQuality "1"]

1. d4 Nf6 2. c4 c5 3. d5 b5 4. cxb5 a6 5. e3 axb5 6. Bxb5 Qa5+ 7. Nc3 Bb7 8. Bd2 Qb6 9. Nf3 Nxd5 10. a4 e6 11. O-O Be7 12. a5 Qc7 13. Nxd5 Bxd5 14. Bc3 O-O 15. Nd2 Qb7 16. Bd3 Bxg2 17. Qg4 f6 18. Qxg2 d5 19. Qh3 f5 20. Nf3 Nc6 21. Qg3 Bf6 22. a6 Qb6 23. Bxf6 Rxf6 24. Ne5 Qc7 25. Nxc6 Rg6 26. Qxg6 hxg6 27. Na5 c4 28. Be2 Rxa6 29. b4 Rb6 30. Rab1 g5 31. Rfc1 g4 32. e4 fxe4 33. Bxg4 Qf4 34. h3 Rxb4 35. Rxb4 Qxc1+ 36. Kg2 Qd2 37. Bxe6+ Kh7 38. Bf5+ g6 39. Rb7+ Kh6 40. Rb6 Qg5+ 41. Bg4 d4 42. Nxc4 e3 43. Nxe3 dxe3 44. fxe3 Qxe3 45. Rf6 Kg5 46. Rf3 Qd4 47. Kg3 Qg1# 0-1

[Event "FIDE WRBTC Blitz-Pool 2024"]
[Site "Astana"]
[Date "2024.08.05"]
[Round "5.9"]
[White "Dosmukhambetov, Arystan"]
[Black "Siddharth, Jagadeesh"]
[Result "0-1"]
[WhiteElo "1976"]
[BlackElo "2516"]
[Annotator "ChessBase"]
[PlyCount "110"]
[EventDate "2024.08.01"]
[EventType "team-tourn"]
[EventCountry "KAZ"]
[SourceTitle "playchess.com"]
[Source "ChessBase"]
[SourceQuality "1"]

1. e4 c6 2. Nf3 d5 3. d3 dxe4 4. dxe4 Qxd1+ 5. Kxd1 Nf6 6. Nfd2 h5 7. h4 g6 8. f3 Bh6 9. a4 Be6 10. Bd3 Nbd7 11. Ke2 Ne5 12. Na3 Nxd3 13. cxd3 O-O 14. Ndc4 Bg7 15. a5 Rfd8 16. Be3 Nd7 17. Rhd1 b5 18. axb6 axb6 19. Rab1 b5 20. Nb6 Nxb6 21. Bxb6 Rdb8 22. Bc5 Ba2 23. Ra1 Bb3 24. Rdb1 e6 25. Bd6 Rb7 26. e5 Bh6 27. g3 Rba7 28. Bc5 Ra4 29. f4 b4 30. Rc1 bxa3 31. Bxa3 Bf8 32. Rxc6 Bxa3 33. bxa3 Rxa3 34. Rxa3 Rxa3 35. Rc8+ Kg7 36. Ke3 Bd5 37. Rc2 Ra2 38. Rxa2 Bxa2 39. Kd4 Kf8 40. Kc5 Ke7 41. Kc6 Bb1 42. d4 Ba2 43. Kc7 Bd5 44. Kc8 Bc6 45. Kc7 Bd7 46. Kb6 Kd8 47. Kc5 Kc7 48. d5 exd5 49. Kxd5 Be6+ 50. Kc5 Kb7 51. Kd6 Kb6 52. Ke7 Kc5 53. Kf6 Kd4 54. Kg5 Ke3 55. f5 Bxf5 0-1

[Event "FIDE WRBTC Blitz-Pool 2024"]
[Site "Astana"]
[Date "2024.08.05"]
[Round "5.9"]
[White "Borumbayev, Adil"]
[Black "Savitskiy, Vladimir"]
[Result "1-0"]
[WhiteElo "1848"]
[BlackElo "1893"]
[Annotator "NA"]
[PlyCount "97"]
[EventDate "2024.08.01"]
[EventType "team-tourn"]
[EventCountry "KAZ"]
[SourceTitle "playchess.com"]
[Source "ChessBase"]
[SourceQuality "1"]

1. d4 Nf6 2. Nf3 g6 3. g3 Bg7 4. Bg2 d6 5. O-O O-O 6. c4 c6 7. Nc3 Bf5 8. Qb3 Qc7 9. Nh4 Bd7 10. e4 e5 11. d5 Na6 12. Be3 Rfe8 13. a3 Ng4 14. Bg5 h6 15. Bd2 Kh7 16. Qc2 Nf6 17. Rac1 Rac8 18. Qd3 Nc5 19. Qb1 Nb3 20. Rc2 Nxd2 21. Rxd2 cxd5 22. cxd5 Qb6 23. Kh1 Rc4 24. Re2 Rec8 25. Qd3 Rxc3 26. bxc3 Bb5 27. Qf3 Bxe2 28. Qxe2 Rxc3 29. f4 exf4 30. gxf4 Qe3 31. Qxe3 Rxe3 32. e5 dxe5 33. fxe5 Rxe5 34. d6 Kg8 35. Bxb7 Nd7 36. Bc6 Nb6 37. d7 Nxd7 38. Bxd7 Rd5 39. a4 f6 40. Be8 Rd4 41. Nxg6 Kh7 42. Bc6 Bf8 43. Ne7 Rd2 44. Nf5 Kh8 45. Be4 Re2 46. Rb1 Rd2 47. Bd3 Kg8 48. Rb3 Kh8 49. Bc4 1-0

[Event "FIDE WRBTC Blitz-Pool 2024"]
[Site "Astana"]
[Date "2024.08.05"]
[Round "5.9"]
[White "Semenov, Miroslav"]
[Black "Mamedov, Edgar"]
[Result "0-1"]
[WhiteElo "1512"]
[BlackElo "2443"]
[Annotator "ChessBase"]
[PlyCount "68"]
[EventDate "2024.08.01"]
[EventType "team-tourn"]
[EventCountry "KAZ"]
[SourceTitle "playchess.com"]
[Source "ChessBase"]
[SourceQuality "1"]

1. e4 c5 2. d4 cxd4 3. c3 d3 4. Bxd3 Nc6 5. Nf3 g6 6. O-O Bg7 7. Bf4 d6 8. Nbd2 Nf6 9. Re1 Nh5 10. Be3 O-O 11. Nd4 Nf6 12. h3 Bd7 13. Qe2 Rc8 14. Rac1 a6 15. Bc2 Qa5 16. a3 Nxd4 17. cxd4 Bb5 18. Bd3 Nd7 19. Bxb5 axb5 20. Qd3 Qa4 21. Qb3 Nb6 22. f3 Bxd4 23. Kh2 Rxc1 24. Rxc1 Qxb3 25. Nxb3 Bxe3 26. Rc7 Rc8 27. Rxe7 Bf4+ 28. g3 Rc2+ 29. Kg1 Be3+ 30. Kh1 Rxb2 31. Na5 Nc4 32. Nxb7 Ne5 33. Nxd6 Nxf3 34. Re8+ Kg7 0-1

[Event "FIDE WRBTC Blitz-Pool 2024"]
[Site "Astana"]
[Date "2024.08.05"]
[Round "5.10"]
[White "Wong, Zhenyong Jayden"]
[Black "Kim, Kristina"]
[Result "1-0"]
[WhiteElo "2397"]
[BlackElo "1943"]
[Annotator "ChessBase"]
[PlyCount "44"]
[EventDate "2024.08.01"]
[EventType "team-tourn"]
[EventCountry "KAZ"]
[SourceTitle "playchess.com"]
[Source "ChessBase"]
[SourceQuality "1"]

1. g3 Nf6 2. Bg2 g6 3. b3 Bg7 4. Bb2 d6 5. d4 O-O 6. Nf3 c6 7. O-O Qc7 8. Re1 Nbd7 9. e4 e5 10. Nbd2 Re8 11. a4 c5 12. dxe5 Nxe5 13. Nxe5 dxe5 14. Nc4 Bd7 15. Qd6 Rac8 16. Qxc7 Rxc7 17. Bxe5 Rc6 18. Rad1 Be6 19. Bxf6 Bxf6 20. e5 Be7 21. Bxc6 bxc6 22. Nd6 Kg7 1-0

[Event "FIDE WRBTC Blitz-Pool 2024"]
[Site "Astana"]
[Date "2024.08.05"]
[Round "5.10"]
[White "Balabayeva, Xeniya"]
[Black "Derksen, Vadim"]
[Result "0-1"]
[WhiteElo "2335"]
[BlackElo "1735"]
[Annotator "ChessBase"]
[PlyCount "95"]
[EventDate "2024.08.01"]
[EventType "team-tourn"]
[EventCountry "KAZ"]
[SourceTitle "playchess.com"]
[Source "ChessBase"]
[SourceQuality "1"]

1. e4 c5 2. Nf3 Nc6 3. Bb5 g6 4. O-O Bg7 5. c3 d5 6. exd5 Qxd5 7. d4 a6 8. Bxc6+ Qxc6 9. Be3 cxd4 10. Nxd4 Qc7 11. Qc1 e5 12. Nf3 Ne7 13. Bh6 O-O 14. Re1 Nc6 15. Bxg7 Kxg7 16. Qe3 Re8 17. Nbd2 Bg4 18. h3 Bxf3 19. Nxf3 Rad8 20. Rad1 Rxd1 21. Rxd1 f6 22. Qc5 Rd8 23. Re1 Qd6 24. Qb6 Rd7 25. a4 Kf7 26. Qe3 Qd3 27. Qxd3 Rxd3 28. Kf1 b6 29. Rc1 Rd7 30. Ke2 f5 31. b4 Kf6 32. Rb1 e4 33. Nd2 Ne5 34. c4 Nd3 35. a5 bxa5 36. bxa5 Ke7 37. g3 Ne5 38. Rb6 Rxd2+ 39. Kxd2 Nxc4+ 40. Kc3 Nxb6 41. axb6 Kd6 42. Kb4 Kc6 43. Ka5 Kb7 44. h4 h5 45. Kb4 Kxb6 46. Kc4 a5 47. Kd5 a4 48. Kd4 0-1

[Event "FIDE WRBTC Blitz-Pool 2024"]
[Site "Astana"]
[Date "2024.08.05"]
[Round "5.10"]
[White "Magzumov, Damirali"]
[Black "Omar, Temirlan"]
[Result "0-1"]
[WhiteElo "1756"]
[BlackElo "1874"]
[Annotator "NA"]
[PlyCount "54"]
[EventDate "2024.08.01"]
[EventType "team-tourn"]
[EventCountry "KAZ"]
[SourceTitle "playchess.com"]
[Source "ChessBase"]
[SourceQuality "1"]

1. e4 e6 2. d4 d5 3. Nc3 Nf6 4. e5 Nfd7 5. f4 c5 6. Nf3 Nc6 7. Be3 a6 8. Qd2 b5 9. dxc5 Bxc5 10. O-O-O Qb6 11. Bxc5 Nxc5 12. Bd3 b4 13. Ne2 a5 14. Kb1 Ba6 15. f5 Bxd3 16. cxd3 exf5 17. Qg5 g6 18. Qf6 Rf8 19. Ned4 Ra6 20. e6 fxe6 21. Qg7 Nxd4 22. Nxd4 Rf7 23. Qh8+ Kd7 24. Rhe1 Re7 25. Qf8 Qd8 26. Qf6 e5 27. Nf3 Rxf6 0-1

[Event "FIDE WRBTC Blitz-Pool 2024"]
[Site "Astana"]
[Date "2024.08.05"]
[Round "5.11"]
[White "Nauanova Zhaniya"]
[Black "Amangeldinov, Alkey"]
[Result "0-1"]
[WhiteElo "1835"]
[BlackElo "1721"]
[Annotator "NA"]
[PlyCount "64"]
[EventDate "2024.08.01"]
[EventType "team-tourn"]
[EventCountry "KAZ"]
[SourceTitle "playchess.com"]
[Source "ChessBase"]
[SourceQuality "1"]

1. c4 c6 2. d4 d5 3. cxd5 cxd5 4. Nc3 Nf6 5. Nf3 Nc6 6. Bd2 a6 7. Rc1 Bf5 8. Ne5 e6 9. Qa4 Qb6 10. e4 dxe4 11. Bb5 Rc8 12. Bxc6+ bxc6 13. Be3 Bb4 14. d5 Qb5 15. Qb3 exd5 16. a3 Bxc3+ 17. Qxc3 O-O 18. Bd4 Rc7 19. b4 Rfc8 20. Qg3 Bg6 21. h4 a5 22. Bc3 axb4 23. axb4 Nh5 24. Qe3 c5 25. bxc5 Rxc5 26. Nxg6 hxg6 27. Qd4 Nf6 28. g4 Qc4 29. Qxc4 Rxc4 30. Kd2 Nxg4 31. Rhg1 Nxf2 32. h5 Nd3 0-1

[Event "FIDE WRBTC Blitz-Pool 2024"]
[Site "Astana"]
[Date "2024.08.05"]
[Round "5.11"]
[White "Akhmet, Suleyman"]
[Black "Gong, Qianyun"]
[Result "0-1"]
[WhiteElo "1730"]
[BlackElo "2250"]
[Annotator "ChessBase"]
[PlyCount "110"]
[EventDate "2024.08.01"]
[EventType "team-tourn"]
[EventCountry "KAZ"]
[SourceTitle "playchess.com"]
[Source "ChessBase"]
[SourceQuality "1"]

1. d4 d5 2. c4 c6 3. cxd5 cxd5 4. Nc3 Nf6 5. Bf4 Nc6 6. e3 a6 7. Nf3 Bg4 8. Be2 e6 9. Qb3 Bb4 10. h3 Bxf3 11. Bxf3 O-O 12. O-O Rc8 13. Rac1 b5 14. Bg5 Be7 15. Qd1 h6 16. Bf4 Bd6 17. Ne2 Ne8 18. Qd2 Bxf4 19. Nxf4 Nd6 20. b3 Qa5 21. Qxa5 Nxa5 22. Nd3 Nab7 23. Ne5 f6 24. Nd7 Rfd8 25. Nb6 Rb8 26. Rc7 Na5 27. Nd7 Rb7 28. Rxb7 Naxb7 29. Nc5 Nxc5 30. dxc5 Ne8 31. b4 Nc7 32. Rd1 Kf7 33. Be2 e5 34. Kf1 Ke6 35. a4 d4 36. axb5 axb5 37. Ra1 d3 38. Bd1 e4 39. Bb3+ Ke5 40. Ke1 Nd5 41. Bxd5 Kxd5 42. Ra7 Kc4 43. Kd2 Kxb4 44. c6 Rc8 45. f3 f5 46. fxe4 fxe4 47. Re7 Rxc6 48. Rxe4+ Ka3 49. Kxd3 b4 50. Re8 b3 51. Ra8+ Kb2 52. e4 Kb1 53. Rb8 b2 54. e5 Kc1 55. g4 b1=Q+ 0-1

[Event "FIDE WRBTC Blitz-Pool 2024"]
[Site "Astana"]
[Date "2024.08.05"]
[Round "5.11"]
[White "Ivlev, Andrey"]
[Black "Bizhigitov, Zhangir"]
[Result "0-1"]
[WhiteElo "1578"]
[BlackElo "2237"]
[Annotator "ChessBase"]
[PlyCount "52"]
[EventDate "2024.08.01"]
[EventType "team-tourn"]
[EventCountry "KAZ"]
[SourceTitle "playchess.com"]
[Source "ChessBase"]
[SourceQuality "1"]

1. e4 e6 2. d4 d5 3. exd5 exd5 4. Nf3 Bd6 5. Bd3 Nf6 6. h3 O-O 7. O-O c5 8. dxc5 Bxc5 9. Bf4 Nc6 10. Nbd2 h6 11. Nb3 Bb6 12. Be2 Ne4 13. Nfd4 Qf6 14. Be3 Re8 15. Rb1 Bd7 16. c3 Rad8 17. Nc2 Bc7 18. Ncd4 Ne5 19. Nf3 Nxf3+ 20. Bxf3 Qe5 21. g3 Nxg3 22. fxg3 Qxg3+ 23. Bg2 Rxe3 24. Qxd5 Be6 25. Qxb7 Re2 26. Rbc1 Qh2# 0-1

[Event "FIDE WRBTC Blitz-Pool 2024"]
[Site "Astana"]
[Date "2024.08.05"]
[Round "5.12"]
[White "Fedorov, Grigory"]
[Black "Sembay, Aisana"]
[Result "1-0"]
[WhiteElo "1904"]
[BlackElo "1527"]
[Annotator "ChessBase"]
[PlyCount "64"]
[EventDate "2024.08.01"]
[EventType "team-tourn"]
[EventCountry "KAZ"]
[SourceTitle "playchess.com"]
[Source "ChessBase"]
[SourceQuality "1"]

1. e4 c5 2. Nc3 d6 3. d4 cxd4 4. Qxd4 Nc6 5. Qd2 g6 6. b3 Bg7 7. Bb2 Nf6 8. O-O-O O-O 9. f3 Bd7 10. Kb1 Rc8 11. g4 Qa5 12. h4 h5 13. g5 Ne8 14. Bh3 Bxh3 15. Nxh3 Nc7 16. Nf4 Nb5 17. Nxb5 Qxb5 18. Nd5 Qa6 19. Rhf1 Rfe8 20. f4 Bxb2 21. Kxb2 Qa5 22. Qd3 Nb4 23. Nxb4 Qxb4 24. f5 Kg7 25. f6+ exf6 26. gxf6+ Kh7 27. c4 Qc5 28. Qxd6 Qxd6 29. Rxd6 Rxe4 30. Rd7 Rxh4 31. Rxf7+ Kg8 32. Rxb7 Rc6 1-0

[Event "FIDE WRBTC Blitz-Pool 2024"]
[Site "Astana"]
[Date "2024.08.05"]
[Round "5.12"]
[White "Zhang, Changjie"]
[Black "Kertaev, Natan"]
[Result "0-1"]
[WhiteElo "1809"]
[BlackElo "1828"]
[Annotator "NA"]
[PlyCount "56"]
[EventDate "2024.08.01"]
[EventType "team-tourn"]
[EventCountry "KAZ"]
[SourceTitle "playchess.com"]
[Source "ChessBase"]
[SourceQuality "1"]

1. e4 e6 2. Nc3 d5 3. d4 Bb4 4. exd5 exd5 5. Bd3 Nc6 6. Nf3 Nge7 7. O-O Bg4 8. Be3 Qd7 9. Re1 O-O-O 10. a3 Bxc3 11. bxc3 h6 12. h3 Bf5 13. Bb5 f6 14. Rb1 g5 15. Qd2 a6 16. Bd3 h5 17. Qe2 Bxd3 18. Qxd3 Na5 19. Rb3 Nxb3 20. cxb3 Nf5 21. Bd2 g4 22. Nh2 gxh3 23. gxh3 Rhg8+ 24. Kh1 Nd6 25. Rg1 Rxg1+ 26. Kxg1 Rg8+ 27. Kh1 Qg7 28. Qf3 Qg1# 0-1

[Event "FIDE WRBTC Blitz-Pool 2024"]
[Site "Astana"]
[Date "2024.08.05"]
[Round "5.12"]
[White "Kazhiakhmetova, Yerkenaz"]
[Black "Karepov, Ilya"]
[Result "1-0"]
[WhiteElo "1602"]
[BlackElo "1719"]
[Annotator "NA"]
[PlyCount "85"]
[EventDate "2024.08.01"]
[EventType "team-tourn"]
[EventCountry "KAZ"]
[SourceTitle "playchess.com"]
[Source "ChessBase"]
[SourceQuality "1"]

1. d4 Nf6 2. g3 g6 3. Bg2 Bg7 4. e4 d6 5. Nc3 O-O 6. Nge2 Nbd7 7. O-O Re8 8. h3 e5 9. Be3 a6 10. a4 c6 11. Kh2 Qc7 12. Qd2 exd4 13. Bxd4 Nc5 14. Bxc5 dxc5 15. Rab1 Be6 16. Qf4 Qe7 17. Qe3 Rad8 18. Nf4 Nd7 19. Nxe6 Qxe6 20. Rfd1 Bd4 21. Qe2 Ne5 22. f4 Nc4 23. Rd3 Bg7 24. Nd1 Rxd3 25. cxd3 Nb6 26. b3 Nd7 27. Ne3 Bd4 28. Nc4 h5 29. Qf3 b5 30. axb5 cxb5 31. Nd2 a5 32. f5 Qf6 33. Rf1 Ne5 34. Qe2 Qg5 35. Nf3 Nxf3+ 36. Rxf3 a4 37. bxa4 bxa4 38. Qa2 Ra8 39. fxg6 Qxg6 40. Rf5 a3 41. h4 Bb2 42. Rg5 Re8 43. Rxg6+ 1-0

[Event "FIDE WRBTC Blitz-Pool 2024"]
[Site "Astana"]
[Date "2024.08.05"]
[Round "5.13"]
[White "Akhmedinov, Satbek"]
[Black "Sychev, Klementy"]
[Result "1-0"]
[WhiteElo "2379"]
[BlackElo "2531"]
[Annotator "ChessBase"]
[PlyCount "71"]
[EventDate "2024.08.01"]
[EventType "team-tourn"]
[EventCountry "KAZ"]
[SourceTitle "playchess.com"]
[Source "ChessBase"]
[SourceQuality "1"]

1. e4 e5 2. Nf3 Nc6 3. Bc4 Nf6 4. Ng5 d5 5. exd5 Na5 6. Bb5+ c6 7. dxc6 bxc6 8. Bd3 Nd5 9. Nf3 Bd6 10. O-O O-O 11. Re1 f5 12. Nxe5 Qc7 13. Nf3 g5 14. Nxg5 Qg7 15. b4 Nb7 16. Nc3 Qxg5 17. Nxd5 cxd5 18. Qf3 Rd8 19. Qxd5+ Kf8 20. Qc4 Qf4 21. g3 Qxc4 22. Bxc4 Bxb4 23. Rb1 Bd6 24. d4 Kg7 25. Bg5 Rd7 26. Re8 Bf8 27. Be6 Rc7 28. Rxc8 Raxc8 29. Bxc8 Nd6 30. Be6 Rxc2 31. Rb8 Rc7 32. Bf4 Be7 33. Be5+ Kh6 34. Rg8 Rc6 35. Bf4+ Kh5 36. Bd5 1-0